Zvířátka z Lanýžového lesa. Nemilé překvapení /
Další dobrodružný příběh zvířátek z lesa v čele s neohroženou vydrou Agátou.
Uloženo v:
| Série: | Zvířátka z Lanýžového lesa,
část 2 |
|---|---|
| Hlavní autor: | |
| Další autoři: | , , |
| Médium: | Kniha |
| Jazyk: | Czech |
| Vydáno: |
V Praze :
Fragment,
2026
|
| Vydání: | 1. vydání |
| Témata: | |
| Celkem bylo vypůjčeno: | 0x |
| Příbuzné jednotky: | Z cyklu::
Zvířátka z Lanýžového lesa |
| Tagy: |
Žádné tagy |
| LEADER | 02654nam a2200505 i 4500 | ||
|---|---|---|---|
| 001 | 106517 | ||
| 003 | CZ PrNK | ||
| 005 | 20260605081244.0 | ||
| 007 | ta | ||
| 008 | 260513s2026 xr a b 000 j cze | ||
| 015 | |a cnb003758089 | ||
| 020 | |a 9788025377925 |q (vázáno) : |c Kč 229,00 | ||
| 040 | |a ABG001 |b cze |d BOA001 |d ABA001 |e rda | ||
| 041 | 1 | |a cze |h fre | |
| 072 | 7 | |a 821.133.1-3 |x Francouzská próza, francouzsky psaná |2 Konspekt |9 25 | |
| 072 | 7 | |a 821-93 |x Literatura pro děti a mládež (beletrie) |2 Konspekt |9 26 | |
| 080 | |a 821.133.1-32 |2 MRF | ||
| 080 | |a 821-93 |2 MRF | ||
| 080 | |a (0:82-32) |2 MRF | ||
| 100 | 1 | |a Lecomte, Ludovic |7 xx0341719 |4 aut |9 117441 | |
| 240 | 1 | 0 | |a Ça coule de source. |l Česky |
| 245 | 1 | 0 | |a Zvířátka z Lanýžového lesa. |p Nemilé překvapení / |c Ludovic Lecomte, Anne Dumergue ; ilustrovala Faustine Merle ; z francouzského originálu La forêt des grosses truffes - Ça coule de source ... přeložila Kateřina Vranová |
| 246 | 3 | 0 | |a Nemilé překvapení |
| 250 | |a 1. vydání | ||
| 264 | 1 | |a V Praze : |b Fragment, |c 2026 | |
| 300 | |a 122 stran : |b barevné ilustrace ; |c 19 cm | ||
| 336 | |a text |b txt |2 rdacontent | ||
| 337 | |a bez média |b n |2 rdamedia | ||
| 338 | |a svazek |b nc |2 rdacarrier | ||
| 520 | 2 | |a Další dobrodružný příběh zvířátek z lesa v čele s neohroženou vydrou Agátou. |b V Lanýžovém lese se pořád něco děje a zvířátka v čele s vydrou Agátkou se opravdu nenudí. Tím spíš, když tam někteří otravní lidé dělají neplechu a ruší jejich klid. Podaří se jim zažehnat nebezpečí, které hrozí rybím bratrům Lososínovi a Lososánovi, protože se z řeky začala ztrácet voda? Vymyslí, co si počít s automatickou pračkou, kterou někdo vyhodil do lesa, a ježek Sam s králicí Čoky už přemýšlejí, jakou rošťárnu s ní vyvedou? Nakladatelská anotace. | |
| 521 | 8 | |a Pro čtenáře od 7 let | |
| 655 | 7 | |a francouzské příběhy |7 fd184214 |2 czenas |9 54260 | |
| 655 | 7 | |a publikace pro děti |7 fd133156 |2 czenas |9 23 | |
| 655 | 9 | |a French stories |2 eczenas | |
| 655 | 9 | |a children's literature |2 eczenas | |
| 700 | 1 | |a Dumergue, Anne |7 xx0341716 |4 aut |9 117442 | |
| 700 | 1 | |a Merle, Faustine |7 mzk20261289317 |4 ill |9 117443 | |
| 700 | 1 | |a Vranová, Kateřina |7 xx0072098 |4 trl |9 21634 | |
| 710 | 2 | |a Fragment (nakladatelství) |7 ko2004244768 |4 pbl |9 117176 | |
| 765 | 1 | |t Forêt des grosses truffes | |
| 787 | 0 | 8 | |i Z cyklu: |t Zvířátka z Lanýžového lesa |g 2 |
| 910 | |a UOG502 | ||
| 942 | |2 ddc |c KN | ||
| 999 | |d 106517 | ||
| 993 | |0 0 |1 421180107238 |2 ddc |4 0 |6 M |7 0 |9 99962 |b 0 |c 107238 |d 2026-06-05 |e 0 |f M |g M |h 229.00 |i Koupě |l M |r 2026-06-05 |t 8 |w 2026-06-05 |y KN |z BELET |n | ||